000 00780nam a2200241Ia 4500
003 OSt
005 20220918110935.0
006 a|||||r|||| 00| 0
007 ta
008 220915b |||||||| |||| 00| 0 hin d
024 _a233445
037 _cReference Collections
040 _aARTS
_cARTS
_bhin
041 _2hin
_ahin
082 _aO152,1N177x, N8.6(RR)
100 _aमुक्ति बोध
245 0 _aरचनावली
246 _aRachanāvalī
260 _aनई दिल्ली
_bराजकमल प्रकाशन भारत
_c2004
650 _aहिन्दी साहित्य
942 _hO152,1N177x, N8.6(RR)
_cREF
999 _c115889
_d115889